Знамената на държавите в Азия - Statistics

General Stats
  • This quiz has been taken 67 times
  • The average score is 33 of 48
Answer Stats
Picture Answer % Correct
Япония
100%
Южна Корея
95%
Турция
95%
Китай
93%
Кипър
93%
Израел
93%
Индия
90%
Саудитска Арабия
86%
Грузия
83%
Пакистан
81%
Виетнам
79%
Ливан
79%
Непал
79%
Малайзия
76%
Ирак
76%
Северна Корея
76%
Бангладеш
74%
Бутан
74%
Азербайджан
74%
Индонезия
74%
Иран
74%
Казахстан
74%
Узбекистан
71%
Сингапур
69%
Туркменистан
67%
Сирия
67%
Камбоджа
64%
Оман
62%
Йемен
62%
Филипини
62%
Армения
62%
Катар
62%
Кувейт
60%
Тайван
60%
Тайланд
60%
Афганистан
60%
Мианмар
57%
Малдиви
57%
ОАЕ
57%
Йордания
57%
Бруней
57%
Таджикистан
55%
Лаос
55%
Бахрейн
55%
Шри Ланка
55%
Монголия
52%
Източен Тимор
43%
Киргизстан
40%
No matching quizzes found
Score Distribution
Percent of People with Each Score
Percentile by Number Answered
Your Score History
You have not taken this quiz